| 000 | 00499nam a22001577a 4500 | ||
|---|---|---|---|
| 003 | macl | ||
| 005 | 20200714162343.0 | ||
| 008 | 200714b xxu||||| |||| 00| 0 eng d | ||
| 040 | _cmacl | ||
| 082 | _a891.437/NIG | ||
| 100 |
_aनिगम,संजीव _978937 |
||
| 245 | _aफेसबंक के कालिदास | ||
| 260 |
_aदिल्ली _bराजकुमार एण्ड संस _c2019 |
||
| 650 |
_aव्यंग्य _978938 |
||
| 942 |
_2ddc _cHIN |
||
| 999 |
_c62619 _d62619 |
||